01662nam a2200433 i 450000100060000000300020000600500170000800600190002500700150004400800410005901700270010002000270012702000280015403500220018204000310020405000220023508000170025708200160027410000390029024501140032926400460044330000410048933600310053033700330056133800430059449000290063750000220066658800830068859001620077165000410093365000470097465500270102170000410104879700180108983000300110785600630113794200110120099900170121174861020241217151148.0m o d | cr cnu||||||||220625s2021 sp o 001 0 spa d aM-12244-2021bEspaña a9788499872155q(print) a9788499872162q(e-book) a(OCoLC)1336966516 aFINmELBbspaerdacFINmELB 4aLB3607bM385 2021 a37.011.3-05204a378.1982231 aMartínez Montero, Jaime,eautor.10a¿Por qué los escolares fracasan en matemáticas? /cJaime Martínez Montero y Concha Sánchez Cortés. 1aMadrid :bWolters Kluwer España,c2021. a1 recurso en línea (388 páginas) atextobtxt2rdacontent/spa acomputadorabc2rdamedia/spa arecurso en líneabcr2rdacarrier/spa1 aCuadernos de Pedagogía aIncluye índice. aDescripción basada en metadatos suministrados por el editor y otras fuentes. aRecurso electrónico. Santa Fe, Arg.: elibro, 2022. Disponible vía World Wide Web. El acceso puede estar limitado para las bibliotecas afiliadas a elibro. 0aWagesxWages and legislationzSpain. 4aSalariosxLeyes y legislaciónzEspaña. 4aLibros electrónicos.1 aSánchez Cortés, Concha,eautora.2 aelibro, Corp. 0aCuadernos de Pedagogía.40uhttps://elibro.net/ereader/politecnicointernacional/182912 cLIBROS c74861d74861